Paroles - Nekfeu Mauvaise Graine Part.1 - Statistiques

Statistiques générales
  • Ce quiz a été pris 484 fois
  • Le résultat moyen est 363 sur 500
Statistiques - réponses
Hint Réponse % Correct
ma
98%
m'a
98%
À
97%
a
97%
à
97%
Graine
96%
graine
96%
mauvais
96%
Couplet 1 | Intro | Pont Mauvaise
96%
mauvaise
96%
de
95%
j'ai
94%
J'ai
94%
le
94%
pas
94%
un
94%
Un
94%
je
93%
Je
93%
92%
du
92%
la
92%
La
92%
92%
me
92%
Si
92%
voir
92%
ans
91%
psy
90%
ne
89%
89%
Ne
89%
que
89%
seize
89%
six
88%
te
88%
mais
87%
Mais
87%
des
84%
mort
84%
en
83%
et
83%
Les
82%
les
82%
ta
82%
alors
80%
Alors
80%
par
80%
Ce
78%
ment
78%
On
78%
on
78%
qui
78%
métal
76%
tête
76%
tout
76%
va
76%
Avant
75%
avant
75%
l'emploi
75%
moi
75%
Moi
75%
dans
74%
connu
73%
galère
73%
jamais
73%
leurs
73%
même
73%
n'en
72%
quand
72%
Quand
72%
sais
72%
redemande
71%
demande
70%
besoin
69%
bien
69%
déshonneur
69%
énormément
69%
gens
69%
mêmes
69%
mental
69%
Pour
69%
pour
69%
suis
69%
devenir
67%
d'taf
67%
est
67%
malheur
67%
n'avaient
67%
noie
67%
seront
67%
super
67%
valeurs
67%
mes
66%
mords
66%
quelqu'un
66%
respect
66%
vient
65%
ami
64%
Ceux
64%
côtoyé
64%
j'suis
64%
veux
64%
d'amitié
63%
parlaient
63%
La mort
62%
d'avoir
61%
nous
61%
scred
61%
d'un
60%
font
60%
merdes
60%
tu
60%
Tu
60%
montagnes
59%
armé
58%
ils
58%
rigoler
58%
Une
58%
comme
57%
Dieu
57%
jour
57%
merci
57%
servi
57%
ton
57%
tous
57%
y'a
57%
femme
56%
j'm'en
56%
biais
55%
Faut
55%
mif
55%
monnaie
55%
nos
55%
ont
55%
veut
55%
coeur
54%
essaye
54%
rayonnement
54%
supernovas
54%
trêve
54%
commencé
53%
menacer
53%
t'as
53%
fais
52%
noir
52%
qu'on
52%
soulèvera
52%
trop
52%
chez
51%
dangereux
51%
elle
51%
ennemis
51%
fumé
51%
Graines
51%
Mauvaises
51%
mecs
51%
monumentale
51%
shit
51%
s'prendre
51%
tes
51%
aime
50%
C'est
50%
c'qu'on
49%
homme
49%
pâle
49%
s'connait
49%
t'en
49%
déçu
48%
face
48%
n'est
48%
soeur
48%
pense
47%
Y'avait
47%
baffes
46%
cette
46%
chemin
46%
crois
46%
floutera
46%
gradins
46%
haut
46%
meilleure
46%
qu'un
46%
traitre
46%
femmes
45%
mérite
45%
regarde
45%
respecte
45%
seulement
45%
supportrice
45%
Yeah
45%
image
44%
n'ai
44%
seins
44%
soir
44%
dégradante
43%
mômes
43%
nez
43%
passe
43%
place
43%
prendre
43%
surtout
43%
voies
43%
voudra
43%
âme
42%
espèrent
42%
confond
41%
taquine
41%
triste
41%
viens
41%
coke
40%
ornementales
40%
était
39%
l'orgueil
39%
Paf
39%
qu'une
39%
tombe
39%
foudre
38%
t'endormir
38%
transforme
38%
d'la
37%
l'alcool
37%
l'honneur
37%
prête
37%
épave
36%
faisais
36%
L'équipe
36%
part
36%
t'assumeras
35%
viré
35%
Est-ce
34%
noies
34%
quartier
33%
n'aime
32%
sain
31%
flasque
30%
n'vois
30%
paname
30%
tiroir
30%
monde
29%
cartésien
27%
l'esprit
26%
barge
25%
Couplet 3 Pardonnez-moi
24%
foutras
18%
épargne
15%
rres-ve
13%
Aucun quiz correspondant
Distribution des résultats
% des personnes avec chaque résultat
Percentile par nombre de réponses
Votre historique - résultats
Vous n’avez pas pris ce quiz